15 najmniejszych miast w województwie Podlaskim - Statystyki

Ogólne statystyki
  • Ten quiz został rozwiązany 7 razy
  • Średni wynik to 9 z 15
Statystyki odpowiedzi
Msc. Miasto L. Mieszkańców % Poprawnych
7. Tykocin 1866
100%
4. Jedwabne 1688
83%
1. Suraż 974
83%
15. Czyżew 2501
67%
6. Drohiczyn 1771
67%
13. Krynki 2156
67%
11. Lipsk 2080
67%
14. Zabłudów 2489
67%
5. Goniądz 1721
50%
2. Kleszczele 1066
50%
12. Nowogród 2099
50%
8. Stawiski 2015
50%
9. Szepietowo 2016
50%
3. Rajgród 1407
33%
10. Suchowola 2051
33%
Nie znaleziono quizów pasujących do podanych kryteriów
Rozkład punktacji
Procent ludzi z każdym wynikiem
Percentyl według liczby udzielonych odpowiedzi
Twoja historia wyników
Nie rozwiązałeś tego quizu